Averroes' Middle commentaries on Aristotle's Categories and De interpretatione /

محفوظ في:

المؤلف الرئيسي: Averroës, 1126-1198 (مؤلف)

مؤلفون آخرون: Butterworth, Charles E., Aristotle.

التنسيق: كتاب

اللغة: English

منشور في: Princeton, N.J. : Princeton University Press, c1983.

الموضوعات:

الوسوم: إضافة وسم

لا توجد وسوم, كن أول من يضع وسما على هذه التسجيلة!

رقم الطلب: B749 .A4 E5 1983

LEADER 01057nam a2200301 a 4500
001 3074
003 OSt
005 20250914112420.0
008 130303s1983 nju b 001 0 eng d
010 |a 82061359 
020 |a 0691072760 
040 |c ARCE Library 
041 1 |a eng  |h aragrc 
050 4 |a B749 .A4 E5 1983 
100 0 |a Averroës,  |d 1126-1198,  |e author 
245 1 0 |a Averroes' Middle commentaries on Aristotle's Categories and De interpretatione /  |c translated, with notes and introductions, by Charles E. Butterworth. 
264 1 |a Princeton, N.J. :  |b Princeton University Press,  |c c1983. 
300 |a xx, 193 pages ;  |c 22 cm. 
504 |a Includes bibliographical references and index. 
600 0 0 |a Aristotle.  |t De interpretatione.  |9 25606 
650 0 |a Categories (Philosophy)  |v Early works to 1800.  |9 4242 
650 0 |a Logic  |v Early works to 1800. 
700 1 |a Butterworth, Charles E., 
700 0 |a Aristotle.  |t Categoriae,  |9 25606 
700 0 |a Aristotle.  |t De interpretatione,  |9 25606 
901 |a reviewed 
942 |c BK  |2 lcc 
999 |c 8178  |d 8178